<?xml version="1.0" encoding="UTF-8"?>
<collection xmlns="http://www.loc.gov/MARC21/slim">
 <record>
  <leader>01163naa a2200361 a 4500</leader>
  <controlfield tag="001">000050737</controlfield>
  <controlfield tag="003">SVKKK</controlfield>
  <controlfield tag="005">20080130143707.0</controlfield>
  <controlfield tag="008">041209c2002    xo     e            slo  </controlfield>
  <datafield tag="FMT" ind1=" " ind2=" "/>
  <datafield tag="038" ind1=" " ind2=" ">
   <subfield code="a">SVKKK</subfield>
  </datafield>
  <datafield tag="040" ind1=" " ind2=" ">
   <subfield code="a">SVKKK</subfield>
   <subfield code="b">slo</subfield>
   <subfield code="e">AACR2</subfield>
  </datafield>
  <datafield tag="041" ind1="0" ind2=" ">
   <subfield code="a">slo</subfield>
   <subfield code="b">eng</subfield>
  </datafield>
  <datafield tag="044" ind1=" " ind2=" ">
   <subfield code="a">xo</subfield>
   <subfield code="c">SK</subfield>
  </datafield>
  <datafield tag="080" ind1=" " ind2=" ">
   <subfield code="a">061.3</subfield>
   <subfield code="2">1997</subfield>
  </datafield>
  <datafield tag="080" ind1=" " ind2=" ">
   <subfield code="a">621.643:621.176</subfield>
   <subfield code="2">1997</subfield>
  </datafield>
  <datafield tag="080" ind1=" " ind2=" ">
   <subfield code="a">621.78.019.8</subfield>
   <subfield code="2">1997</subfield>
  </datafield>
  <datafield tag="100" ind1="1" ind2=" ">
   <subfield code="a">Jenčo, Jozef</subfield>
   <subfield code="4">aut</subfield>
  </datafield>
  <datafield tag="245" ind1="1" ind2="0">
   <subfield code="a">Korózne poškodzovanie kondenzátorových rúrok EVO =</subfield>
   <subfield code="b">Corrosion deterioration of condenser tubes of the Vojany Power Plants</subfield>
   <subfield code="c">Jozef Jenčo, Jaroslav Kocich</subfield>
  </datafield>
  <datafield tag="300" ind1=" " ind2=" ">
   <subfield code="b">Obr., tab.</subfield>
  </datafield>
  <datafield tag="504" ind1=" " ind2=" ">
   <subfield code="a">Bibliogr. odkazy</subfield>
  </datafield>
  <datafield tag="504" ind1=" " ind2=" ">
   <subfield code="a">Res. angl.</subfield>
  </datafield>
  <datafield tag="610" ind1="2" ind2="4">
   <subfield code="a">Elektrárne Vojany (Vojany, Slovensko)</subfield>
  </datafield>
  <datafield tag="611" ind1="2" ind2="4">
   <subfield code="a">Korózia v energetike</subfield>
   <subfield code="n">(14. :</subfield>
   <subfield code="c">Košice, Slovensko</subfield>
   <subfield code="d">19.-20.3.2002)</subfield>
   <subfield code="x">konferencie</subfield>
  </datafield>
  <datafield tag="650" ind1="0" ind2="4">
   <subfield code="a">rúrky kondenzátorové</subfield>
   <subfield code="x">korózia</subfield>
   <subfield code="x">poškodzovanie</subfield>
  </datafield>
  <datafield tag="700" ind1="1" ind2=" ">
   <subfield code="a">Kocich, Jaroslav</subfield>
   <subfield code="4">aut</subfield>
  </datafield>
  <datafield tag="773" ind1="0" ind2=" ">
   <subfield code="t">Korózia v energetike 2002</subfield>
   <subfield code="d">Košice : Hutnícka fakulta Technickej univerzity, 2002</subfield>
   <subfield code="z">80-7099-777-X</subfield>
   <subfield code="g">S. 72-83</subfield>
  </datafield>
  <datafield tag="958" ind1=" " ind2=" ">
   <subfield code="a">NB</subfield>
  </datafield>
  <datafield tag="974" ind1=" " ind2=" ">
   <subfield code="a">MI</subfield>
  </datafield>
  <datafield tag="992" ind1=" " ind2=" ">
   <subfield code="a">RZB</subfield>
  </datafield>
  <datafield tag="BAS" ind1=" " ind2=" "/>
  <datafield tag="852" ind1=" " ind2=" ">
   <subfield code="a">SVKKK</subfield>
   <subfield code="b">BIB</subfield>
  </datafield>
  <datafield tag="998" ind1=" " ind2=" ">
   <subfield code="a">HUT</subfield>
  </datafield>
 </record>
</collection>
